000 00288nam a22001337a 4500
020 _a0-09-915360-2
082 _a808.3 CAR'A
100 _aCARTLAND, BARBARA
_911921
245 _aARMOUR AGAINST LOVE
250 _a2ND
260 _aLONDON
_bARROW
_c1977
300 _a255P
942 _cBK
999 _c581456
_d581456